|
|
|
|
| LEADER |
00000cam a2200000 7i4500 |
| 001 |
0000012160 |
| 005 |
20071204.0 |
| 020 |
|
|
|a 9676109231
|
| 090 |
0 |
0 |
|a 306.872
|b ABD
|
| 100 |
0 |
|
|a Abdullah Hassan
|
| 245 |
1 |
0 |
|a Kemahiran menyelesaikan krisis rumah tangga
|c Abdullah Hassan,Ainon Mohd
|
| 260 |
|
|
|a Kuala Lumpur :
|b Utusan Publications & Distributors ,
|c 1999
|
| 440 |
|
|
|a Siri Kimunikasi Utusan
|
| 650 |
|
0 |
|a Broken homes
|
| 650 |
|
0 |
|a Family
|
| 650 |
|
0 |
|a Husband and wife
|
| 650 |
|
0 |
|a Problem families
|
| 700 |
1 |
|
|a Ainon Mohd
|
| 999 |
|
|
|a 0000796895
|b Book
|c Adult Collection
|e Cawangan Segamat
|
| 999 |
|
|
|a 0000799438
|b Book
|c Adult Collection
|e Cawangan Pontian
|
| 999 |
|
|
|a 0000818396
|b Book
|c Adult Collection
|e Cawangan Mersing
|
| 999 |
|
|
|a 0001004689
|b Book
|c Adult Collection
|e Perbadanan Perpustakaan Awam Johor
|
| 999 |
|
|
|a 0001004690
|b Book
|c Adult Collection
|e Cawangan Mersing
|
| 999 |
|
|
|a 0001004691
|b Book
|c Adult Collection
|e Cawangan Mersing
|
| 999 |
|
|
|a 0001014791
|b Book
|c Adult Collection
|e Perbadanan Perpustakaan Awam Johor
|
| 999 |
|
|
|a 0001014792
|b Book
|c Adult Collection
|e Cawangan Pontian
|